The Epistles of Paul to the Thessalonians; (Record no. 4488)

MARC details
000 -LEADER
fixed length control field 00660cam a2200217u 4500
001 - CONTROL NUMBER
control field 5958992
003 - CONTROL NUMBER IDENTIFIER
control field GBCCL
005 - DATE AND TIME OF LATEST TRANSACTION
control field 20241126110519.0
008 - FIXED-LENGTH DATA ELEMENTS--GENERAL INFORMATION
fixed length control field 820607s1935 pau 000 0 eng
010 ## -
-- 36008958
040 ## - CATALOGING SOURCE
Original cataloging agency DLC
Transcribing agency CarP
Modifying agency DLC
050 00 -
-- BS2725
-- .E7
082 ## - DEWEY DECIMAL CLASSIFICATION NUMBER
Classification number 227.8106
Item number ERD
100 1# - MAIN ENTRY--PERSONAL NAME
Personal name Erdman, Charles R.
Fuller form of name (Charles Rosenbury),
Dates associated with a name 1866-1960.
9 (RLIN) 8245
245 14 - TITLE STATEMENT
Title The Epistles of Paul to the Thessalonians;
260 ## - PUBLICATION, DISTRIBUTION, ETC.
Place of publication, distribution, etc. Philadelphia,
Name of publisher, distributor, etc. The Westminster Press,
Date of publication, distribution, etc. 1935.
300 ## - PHYSICAL DESCRIPTION
Extent 101 p.
Dimensions 18 cm.
630 00 - SUBJECT ADDED ENTRY--UNIFORM TITLE
Uniform title Bible.
Name of part/section of a work Thessalonians
Form subdivision Commentaries.
9 (RLIN) 8361
906 ## - LOCAL DATA ELEMENT F, LDF (RLIN)
a 0
b cbc
c premunv
d u
e ncip
f 19
g y-gencatlg
942 ## - ADDED ENTRY ELEMENTS (KOHA)
Source of classification or shelving scheme Dewey Decimal Classification
Koha item type Books
Koha issues (borrowed), all copies 2
Holdings
Withdrawn status Lost status Source of classification or shelving scheme Damaged status Not for loan Home library Current Library Shelving location Date acquired Total checkouts Full call number Barcode Date last seen Date last checked out Copy number Price effective from Koha item type
    Dewey Decimal Classification     GRACE BIBLE COLLEGE GRACE BIBLE COLLEGE Biblical Studies 2018-01-22 2 227.8106 ERD 000680 2025-05-01 2020-11-11 c.1 2018-01-22 Books
© Grace Bible College Library 2025